000 01021nam a22003137a 4500
003 CHAP
005 20220817042738.0
008 971013s1969 r 00010 d
010 _a54247
011 _a55219
035 _a59371
040 _cCHAP
082 _a972.082
_bW5
100 0 0 _aWilkie, James W.
_9121967
245 _aMéxico visto en el siglo XX
_b: entrevista de historia oral
260 _aMéxico, D.F. :
_bInstituto Mexicano de Investigaciones Económicas,
_c1969
300 _a770 p.
590 _aBATCH-UPD
_b10
_c20130110
_lUCH01
_h1808
590 _aBATCH-UPD
_b10
_c20130410
_lUCH01
_h1143
590 _aBATCH-UPD
_b10
_c20130914
_lUCH01
_h1825
590 _aBATCH-UPD
_b10
_c20161124
_lUCH01
_h1710
590 _aCONVERSION
_b10
_c20130109
_lUCH01
_h1329
650 1 4 _aMéxico
_xHistoria.
651 4 _aMéxico
_xPolítica y gobierno.
_976783
700 0 _aMonzón de Wilkie, Edna.
_978030
901 _aBK
942 _cLIBRO
949 _a972.082 W5
_bBC
_cLIBRO
_d33724000147732
_eLIBRO
_h31631
_i59371
_si
999 _c54247
_d54247